000 00471nam a2200157Ia 4500
008 100122s9999 xx 000 0 und d
082 _b75331
_a910.4
100 _aलिमये सुहास
245 _aनर्मदे हर हर नर्मदे
250 _a2
260 _c2006
300 _a253
630 _aनर्मदे हर हर नर्मदे
730 _aनर्मदे हर हर नर्मदे
942 _cBOOK
999 _c391488
_d391485